Obálka Náhled e-knihy:
PDF Epub
Pro půjčování e-knih musíte být přihlášeni.
Jak si půjčit online?

Zmizení Sáry Lindertové /

Mysteriózní detektivka od vítězky literární soutěže Hvězda inkoustu. Jednoho podzimního večera vešla bezproblémová studentka Sára Lindertová do metra a víckrát ji nikdo neviděl. Hlavní vyšetřovatel Richard Ehler spojuje Sářino zmizení se starým případem, který mu ani po letech nedá spát. Po dívce pá...

Celý popis

Uloženo v:
Hlavní autor: Šardická, Kateřina (Autor)
Médium: E-kniha
Jazyk:Czech
Vydáno: Praha : Albatros Media a.s., 2019
Tagy:
Žádné tagy
LEADER 01566nam a22002297i 4500
001 311037
007 ta
008 260601s2019 xr ||||| |||| 00| 0 cze d
020 |a 9788025341346 
044 |a xr 
100 1 |a  Šardická, Kateřina  |4 aut 
245 1 0 |a Zmizení Sáry Lindertové /  |c  Šardická, Kateřina 
264 1 |a Praha :  |b Albatros Media a.s.,  |c 2019 
300 |a 1 online zdroj (412 stran) 
336 |a text  |b txt  |2 rdacontent 
337 |a bez média  |b n  |2 rdamedia 
338 |a online zdroj  |b cr  |2 rdacarrier 
520 2 |a Mysteriózní detektivka od vítězky literární soutěže Hvězda inkoustu. Jednoho podzimního večera vešla bezproblémová studentka Sára Lindertová do metra a víckrát ji nikdo neviděl. Hlavní vyšetřovatel Richard Ehler spojuje Sářino zmizení se starým případem, který mu ani po letech nedá spát. Po dívce pátrá i její sestra Klaudie a Sářin přítel Oliver. Oni i policie vědí, že neodešla dobrovolně. A není jediná. V metru totiž začíná mizet stále více lidí. Klaudie je přesvědčená, že hluboko pod městem žije neviditelné zlo... 
910 |a RBIT002 
998 |d 184663  |a https://core.palmknihy.cz/api/books/184663/cover?pqq6n9  |b https://core.palmknihy.cz/api/books/184663/cover/400?pqq6n9  |c https://core.palmknihy.cz/api/books/184663/cover/50?pqq6n9  |e 2028-12-31  |g 412  |i 9788025341346  |j https://core.palmknihy.cz/api/books/184663/preview.epub  |k https://core.palmknihy.cz/api/books/184663/preview.pdf  |l   |q 49  |r 1  |s https://www.palmknihy.cz/kniha/184663  |t ebook  |y 2019  |z 1 
999 |d 311035